[Event "Znojmo op1"]
[Site "Znojmo"]
[Date "2007.??.??"]
[Round "7"]
[White "Kulovana, Eva"]
[Black "Stanek, Piotr"]
[Result "1-0"]
[WhiteElo "2035"]
[BlackElo "1780"]
[PlyCount "93"]
[EventDate "2007.01.??"]
[EventType "swiss"]
[EventRounds "9"]
[EventCountry "CZE"]
[SourceTitle "EXT 2010"]
[Source "ChessBase"]
[SourceDate "2010.11.25"]
[SourceVersion "1"]
[SourceVersionDate "2010.11.25"]
[SourceQuality "1"]

1. e4 e5 2. Nf3 f5 3. Nxe5 Qf6 4. d4 d6 5. Nc4 fxe4 6. Nc3 Bf5 7. Be3 Qf7 8. d5 Nf6 9. Be2 a6 10. a4 Nbd7 11. h3 h6 12. Qd4 Be7 13. a5 0-0 14. g4 Bh7 15. 0-0-0 Rab8 16. h4 b5 17. axb6 cxb6 18. g5 b5 19. Nd2 b4 20. Ncxe4 Nxe4 21. Nxe4 Rfc8 22. gxh6 Nc5 23. Nxc5 Rxc5 24. Bd3 Bxd3 25. Qxd3 Rc7 26. Rhg1 Bf6 27. Bd4 Rbc8 28. Rd2 b3 29. c3 Re8 30. hxg7 Bxd4 31. Qxd4 Qf5 32. Qd3 Qf4 33. Qd4 Qf5 34. Qb6 Rce7 35. Qxb3 Re1+ 36. Rxe1 Rxe1+ 37. Rd1 Qf4+ 38. Kb1 Rxd1+ 39. Qxd1 Qxf2 40. Qd4 Qf1+ 41. Ka2 Qb5 42. h5 Qa5+ 43. Kb1 Qb5 44. h6 Qf1+ 45. Ka2 Qb5 46. Qe4 Qa5+ 47. Kb1 1-0

[Event "Znojmo op1"]
[Site "Znojmo"]
[Date "2007.??.??"]
[Round "4"]
[White "Stanek, Piotr"]
[Black "Dvorak, Libor"]
[Result "0-1"]
[WhiteElo "1780"]
[BlackElo "2070"]
[PlyCount "112"]
[EventDate "2007.01.??"]
[EventType "swiss"]
[EventRounds "9"]
[EventCountry "CZE"]
[SourceTitle "EXT 2010"]
[Source "ChessBase"]
[SourceDate "2010.11.25"]
[SourceVersion "1"]
[SourceVersionDate "2010.11.25"]
[SourceQuality "1"]

1. e4 c5 2. Nc3 Nc6 3. g3 g6 4. Bg2 Bg7 5. Nge2 d6 6. f4 e6 7. 0-0 Nge7 8. d3 0-0 9. g4 f5 10. Ng3 Rb8 11. a4 Nd4 12. gxf5 exf5 13. Kh1 b6 14. Nce2 Nxe2 15. Qxe2 Bb7 16. c3 fxe4 17. dxe4 d5 18. f5 d4 19. Qc4+ Kh8 20. Bg5 Qd6 21. fxg6 Nxg6 22. Nf5 Qd7 23. cxd4 cxd4 24. Rad1 Rbc8 25. Qb4 Rc2 26. Nxg7 Qxg7 27. Rxf8+ Nxf8 28. Rf1 Nd7 29. Qe7 Qxe7 30. Bxe7 Re2 31. Rd1 Bxe4 32. Bxe4 Rxe4 33. Bb4 Kg7 34. Bc3 dxc3 35. Rxd7+ Kg6 36. bxc3 Rxa4 37. Rc7 Ra2 38. h3 h5 39. Rc4 Kg5 40. h4+ Kf5 41. Rb4 Rc2 42. c4 Rd2 43. Kg1 Rd4 44. Rb5+ Kg4 45. c5 bxc5 46. Rxc5 Ra4 47. Rc1 Kxh4 48. Kh1 Ra3 49. Rc4+ Kg3 50. Rc1 a5 51. Rd1 a4 52. Rc1 Rb3 53. Rg1+ Kh3 54. Ra1 a3 55. Rg1 a2 56. Rg3+ Kxg3 0-1

[Event "POL-chT 2nd League South"]
[Site "Wisla"]
[Date "1998.??.??"]
[Round "?"]
[White "Skaruz, Jaroslaw"]
[Black "Stanek, Piotr"]
[Result "1/2-1/2"]
[WhiteElo "2125"]
[BlackElo "2075"]
[PlyCount "80"]
[EventDate "1998.11.20"]
[EventType "team-swiss"]
[EventRounds "10"]
[EventCountry "POL"]
[SourceTitle "EXT 2000"]
[Source "ChessBase"]
[SourceDate "1999.11.16"]
[SourceVersion "1"]
[SourceVersionDate "1999.11.16"]
[SourceQuality "1"]

1. e4 c6 2. d4 d5 3. exd5 cxd5 4. c4 Nf6 5. Nc3 e6 6. Nf3 Bb4 7. Bd3 0-0 8. 0-0 dxc4 9. Bxc4 b6 10. Qe2 Bb7 11. Bg5 h6 12. Bh4 Nbd7 13. Rad1 Qc7 14. Bd3 Rac8 15. Bg3 Qd8 16. Nb5 Nh5 17. a3 Nxg3 18. hxg3 Be7 19. Nxa7 Ra8 20. Nb5 Nf6 21. Rfe1 Rc8 22. Ne5 Qd5 23. Qf3 Rfd8 24. Rc1 Qxf3 25. gxf3 Ne8 26. Be4 Rxc1 27. Rxc1 Ba6 28. Bd3 Bf6 29. Bf1 Kf8 30. Nc6 Bxb5 31. Bxb5 Rc8 32. Rc2 Nd6 33. Bd3 Ke8 34. a4 Nb7 35. Bb5 Kf8 36. b4 Nd8 37. Rc4 Nxc6 38. Bxc6 Bxd4 39. b5 Bf6 40. Rc2 Rd8 1/2-1/2

[Event "POL-chT2 U18"]
[Site "Augustow"]
[Date "1996.??.??"]
[Round "?"]
[White "Lapczynski, Artur"]
[Black "Stanek, Piotr"]
[Result "1-0"]
[WhiteElo "2115"]
[BlackElo "2115"]
[PlyCount "89"]
[EventDate "1996.??.??"]
[EventType "team-tourn"]
[EventRounds "10"]
[EventCountry "POL"]
[SourceTitle "EXT 2003"]
[Source "ChessBase"]
[SourceDate "2002.11.25"]
[SourceVersion "1"]
[SourceVersionDate "2002.11.25"]
[SourceQuality "1"]

1. e4 c6 2. d4 d5 3. e5 Na6 4. f4 g6 5. Nc3 Nc7 6. Nf3 h5 7. Bd3 Nh6 8. Be3 Bf5 9. h3 Bxd3 10. Qxd3 Nf5 11. Bf2 h4 12. 0-0 Ne6 13. Ne2 Neg7 14. b3 e6 15. c4 Be7 16. c5 b5 17. b4 a5 18. a4 bxa4 19. b5 cxb5 20. Qxb5+ Kf8 21. Rxa4 g5 22. fxg5 Bxg5 23. Rfa1 Nh5 24. Rxa5 Rb8 25. Qd3 Nhg3 26. Nc3 Kg7 27. Nb5 Bf4 28. Nd6 Nxd6 29. exd6 Rb2 30. Bxg3 Bxg3 31. Rb5 Rf2 32. Rb7 Qf6 33. Raa7 Rf8 34. d7 Qf4 35. Rb1 Rb8 36. Raa1 Rd8 37. c6 Qc7 38. Rc1 Rb8 39. Rab1 Ra8 40. Rc2 Ra2 41. Rxa2 Rxa2 42. Qb3 Ra8 43. Qb7 Qa5 44. Ne5 Qa4 45. d8Q 1-0

[Event "POL-chT2 U18"]
[Site "Augustow"]
[Date "1996.??.??"]
[Round "?"]
[White "Piescikowski, Mateusz"]
[Black "Stanek, Piotr"]
[Result "0-1"]
[WhiteElo "1775"]
[BlackElo "2115"]
[PlyCount "58"]
[EventDate "1996.??.??"]
[EventType "team-tourn"]
[EventRounds "10"]
[EventCountry "POL"]
[SourceTitle "EXT 2003"]
[Source "ChessBase"]
[SourceDate "2002.11.25"]
[SourceVersion "1"]
[SourceVersionDate "2002.11.25"]
[SourceQuality "1"]

1. d4 d5 2. c4 c6 3. Nc3 e6 4. Nf3 Nf6 5. Bg5 dxc4 6. e4 b5 7. e5 h6 8. Bh4 g5 9. exf6 gxh4 10. Ne5 Qxf6 11. Be2 Nd7 12. Nxc6 Bb7 13. Bf3 a6 14. Qe2 Rc8 15. d5 Bxc6 16. dxc6 Ne5 17. Be4 Nxc6 18. Bxc6+ Rxc6 19. Qe4 Rd6 20. 0-0 Bg7 21. Rad1 Rxd1 22. Rxd1 0-0 23. Qg4 Qg5 24. Qf3 Rd8 25. Ne4 Rxd1+ 26. Qxd1 Qf4 27. Nc5 Bd4 28. Nxa6 Qxf2+ 29. Kh1 Qxb2 0-1

[Event "POL-chT2 U18"]
[Site "Augustow"]
[Date "1996.??.??"]
[Round "?"]
[White "Stanek, Piotr"]
[Black "Bak, Leszek"]
[Result "1-0"]
[WhiteElo "2115"]
[BlackElo "2000"]
[PlyCount "83"]
[EventDate "1996.??.??"]
[EventType "team-tourn"]
[EventRounds "10"]
[EventCountry "POL"]
[SourceTitle "EXT 2003"]
[Source "ChessBase"]
[SourceDate "2002.11.25"]
[SourceVersion "1"]
[SourceVersionDate "2002.11.25"]
[SourceQuality "1"]

1. d4 d5 2. c4 e6 3. Nc3 Nf6 4. Bg5 Nbd7 5. e3 c6 6. cxd5 exd5 7. Bd3 Be7 8. Nf3 0-0 9. 0-0 Re8 10. Qc2 Ne4 11. Bxe4 Bxg5 12. Bxh7+ Kh8 13. Bd3 Bf6 14. b4 Nf8 15. b5 Qd6 16. bxc6 bxc6 17. h3 g6 18. Na4 Kg7 19. Rfc1 Re6 20. Rab1 Nh7 21. Nc5 Re7 22. e4 Qf4 23. e5 Bg5 24. Qe2 Bh6 25. g3 Qxc1+ 26. Rxc1 Bxc1 27. Kg2 Rb8 28. Qc2 Bh6 29. h4 Bg4 30. Nh2 Bc8 31. h5 Nf8 32. hxg6 fxg6 33. Nf3 Be6 34. Nh4 Bf7 35. Qe2 Be6 36. Nxe6+ Rxe6 37. Qg4 Kf7 38. Bxg6+ Rxg6 39. Nxg6 Nxg6 40. Qf5+ Kg7 41. Qd7+ Kg8 42. Qxc6 1-0

[Event "POL-chT U18"]
[Site "Poland"]
[Date "1996.??.??"]
[Round "?"]
[White "Stanek, Piotr"]
[Black "Heise, Marek"]
[Result "1-0"]
[WhiteElo "2140"]
[BlackElo "2090"]
[PlyCount "53"]
[EventDate "1996.??.??"]
[EventType "team-tourn"]
[EventRounds "11"]
[EventCountry "POL"]
[SourceTitle "EXT 1999"]
[Source "ChessBase"]
[SourceDate "1998.11.16"]
[SourceVersion "1"]
[SourceVersionDate "1998.11.16"]
[SourceQuality "1"]

1. d4 Nf6 2. Nf3 g6 3. c4 Bg7 4. Nc3 0-0 5. e4 d6 6. Be3 e5 7. dxe5 dxe5 8. Qxd8 Rxd8 9. Nd5 Nxd5 10. cxd5 a5 11. a3 Na6 12. Rc1 Rd7 13. Bb5 Re7 14. 0-0 h6 15. Rfd1 Bg4 16. h3 Bxf3 17. gxf3 Bf8 18. Rc2 c6 19. dxc6 bxc6 20. Rxc6 Nc7 21. Bc4 Ne6 22. Rd5 Bg7 23. Rdd6 Nd4 24. Ra6 Rb8 25. Bxd4 exd4 26. b3 Re5 27. Rd7 1-0

[Event "POL-chT U18"]
[Site "Poland"]
[Date "1996.??.??"]
[Round "?"]
[White "Stanek, Piotr"]
[Black "Martowicz, Krzysztof"]
[Result "0-1"]
[WhiteElo "2140"]
[BlackElo "2100"]
[PlyCount "86"]
[EventDate "1996.??.??"]
[EventType "team-tourn"]
[EventRounds "11"]
[EventCountry "POL"]
[SourceTitle "EXT 1999"]
[Source "ChessBase"]
[SourceDate "1998.11.16"]
[SourceVersion "1"]
[SourceVersionDate "1998.11.16"]
[SourceQuality "1"]

1. d4 Nf6 2. Nf3 g6 3. c4 Bg7 4. Nc3 0-0 5. e4 d6 6. Be3 Ng4 7. Bg5 f6 8. Bd2 e5 9. Be2 Nc6 10. dxe5 Ngxe5 11. 0-0 f5 12. Nxe5 dxe5 13. Be3 Nd4 14. exf5 gxf5 15. f4 e4 16. c5 Be6 17. Rb1 b6 18. cxb6 axb6 19. a3 c5 20. Rf2 Qe7 21. Bf1 Bb3 22. Qc1 Ne6 23. Rd2 Bd4 24. Rf2 Rad8 25. Nb5 Kh8 26. Qe1 Qf6 27. Nc3 Nc7 28. Rd2 Bxe3+ 29. Qxe3 Rxd2 30. Qxd2 Qd4+ 31. Qf2 e3 32. Qe2 Qxf4 33. Re1 Re8 34. Qf3 Qxf3 35. gxf3 f4 36. Bh3 Kg7 37. Ne2 Rf8 38. Kg2 Nb5 39. Bd7 Nd4 40. Nc1 Bc4 41. Ba4 Kf6 42. Bd1 Rg8+ 43. Kh1 h5 0-1

[Event "POL-chT2 U18"]
[Site "Augustow"]
[Date "1996.??.??"]
[Round "?"]
[White "Sznajder, L."]
[Black "Stanek, Piotr"]
[Result "0-1"]
[WhiteElo "1800"]
[BlackElo "2115"]
[PlyCount "96"]
[EventDate "1996.??.??"]
[EventType "team-tourn"]
[EventRounds "10"]
[EventCountry "POL"]
[SourceTitle "EXT 2003"]
[Source "ChessBase"]
[SourceDate "2002.11.25"]
[SourceVersion "1"]
[SourceVersionDate "2002.11.25"]
[SourceQuality "1"]

1. e4 c6 2. d4 g6 3. c4 Bg7 4. Nc3 d6 5. Be3 Nf6 6. Be2 0-0 7. Qd2 e5 8. Nf3 Nbd7 9. 0-0 Re8 10. d5 c5 11. Qc2 Nh5 12. Bg5 f6 13. Bd2 Nf4 14. Ne1 Rf8 15. Nd3 Nxe2+ 16. Nxe2 f5 17. Nc3 Qh4 18. Ne1 fxe4 19. Nxe4 Nf6 20. Nf3 Qxe4 21. Qb3 Qf5 22. Be3 Ng4 23. h3 Nxe3 24. fxe3 Bh6 25. Rfe1 Qh5 26. e4 Bf4 27. Nh2 g5 28. g3 Qxh3 29. gxf4 Qxb3 30. axb3 exf4 31. e5 dxe5 32. Rxe5 h6 33. Re7 Bh3 34. Rae1 Rf7 35. R7e5 g4 36. Rh5 Kg7 37. Re6 f3 38. Kf2 g3+ 39. Kxg3 Bxe6 40. dxe6 Re7 41. Rxc5 Rae8 42. Nxf3 Rxe6 43. Nd4 Rg6+ 44. Kf2 Rf8+ 45. Ke3 Rg3+ 46. Ke2 Kg6 47. Re5 Rg2+ 48. Ke3 Rxb2 0-1

[Event "POL-chT U18"]
[Site "Poland"]
[Date "1996.??.??"]
[Round "?"]
[White "Wlodarczyk, Oskar"]
[Black "Stanek, Piotr"]
[Result "1/2-1/2"]
[WhiteElo "2080"]
[BlackElo "2140"]
[PlyCount "29"]
[EventDate "1996.??.??"]
[EventType "team-tourn"]
[EventRounds "11"]
[EventCountry "POL"]
[SourceTitle "EXT 1999"]
[Source "ChessBase"]
[SourceDate "1998.11.16"]
[SourceVersion "1"]
[SourceVersionDate "1998.11.16"]
[SourceQuality "1"]

1. e4 c6 2. c4 e5 3. Nf3 d6 4. d4 Nd7 5. dxe5 dxe5 6. Be2 Ngf6 7. Qc2 Be7 8. 0-0 0-0 9. b3 Qc7 10. Bb2 Re8 11. Rd1 Bf8 12. Nbd2 g6 13. a3 Nh5 14. b4 c5 15. Bc3 1/2-1/2